Sports Quiz

Random Sports or NFL Quiz
Score 0/9 Timer 03:00
0 Plays Today
Round & Pick Player % Correct
1, 26Jordan Love
100%
2, 62AJ Dillon
100%
3, 94Josiah Deguara
85.7%
6, 208Jake Hanson
78.6%
5, 175Kamal Martin
64.3%
6, 192Jon Runyan Jr
64.3%
7, 242Jonathan Garvin
64.3%
6, 209Simon Stepaniak
57.1%
7, 236Vernon Scott
57.1%
Remove Ads.
Support Sporcle.
Get the best of Sporcle when you Go Orange. This ad-free experience offers more features, more stats, and more fun while also helping to support Sporcle. Thank you for becoming a member.

You're not logged in!

Compare scores with friends on all Sporcle quizzes.
OR
Log In

Sporcle TV

Today on Sporcle TV


Watch our educational content, quiz creation guides, and fun videos on Sporcle TV.

Show Comments

Extras

Top Quizzes Today


Score Distribution

Paid Content

Your Account Isn't Verified!

In order to create a playlist on Sporcle, you need to verify the email address you used during registration. Go to your Sporcle Settings to finish the process.

Report this User

Report this user for behavior that violates our Community Guidelines.

Details: